00257nam a2200097Ia 4500008004100000100002000041245002100061260005200082300000700134650001800141191201s2011 xx 000 0 und d aHELFAND, Lewis  0aWright Brothers  bKalyani Navyug Media Pvt Ltd c2011aNew Delhi a68 aGeneral Books